Fundamentals of Toxicologic Pathology

Gespeichert in:
Bibliographische Detailangaben
Hauptverfasser: Haschek, Wanda M., Rousseaux, Colin G. (Verfasst von), Wallig, Matthew A. (Verfasst von)
Format: Buch
Sprache:Englisch
Veröffentlicht: Amsterdam Elsevier 2010
Ausgabe:2nd edition
Schlagworte:
Online-Zugang:Im OPAC anzeigen
Tags: Tag hinzufügen
Keine Tags, Fügen Sie das erste Tag hinzu!

MARC

LEADER 00000nam a2200000 a 4500
005 20260127134225.0
008 121206 2010 000 0 eng d
020 |a 9780123704696 
035 |a vtls010477035 
039 9 |y 201212061211  |z mschk03 
040 |a STUSCHK1  |b slo  |c STUSCHK1  |e AACR2 
080 |a 615.9 
100 1 |a Haschek, Wanda M. 
245 1 |a Fundamentals of Toxicologic Pathology  |c Wanda M. Haschek, Colin G. Rousseaux, Matthew A. Wallig 
250 |a 2nd edition 
260 |a Amsterdam  |b Elsevier  |c 2010 
300 |a xxi, 691 p.  |b ill.  |c 29 cm 
500 |a Includes bibliographical references and index 
650 0 |a Toxicology  |x Experimental 
650 0 |a Poisoning  |x Pathophysiology 
650 0 |a Toxicoligy  |x Animal models 
650 0 |a Poisoning  |x Pathology 
700 1 |a Rousseaux, Colin G.  |4 aut 
700 1 |a Wallig, Matthew A.  |4 aut 
910 |a SCHK95 
919 |a 978-0-12-370469-6 
999 |c 7138  |d 7138